| 000 | 00481cam a2200217 4500 | ||
|---|---|---|---|
| 001 | J88286 | ||
| 008 | 090401t1997 xxu||||| |||| 00| 0 eng d | ||
| 035 | _a(Sirsi) u82670 | ||
| 041 | _aeng | ||
| 050 | _a336.2 | ||
| 110 |
_aHillier Parker _92054 |
||
| 245 | _aBudget 97. | ||
| 260 |
_aLondon _bHillier Parker _c1997 |
||
| 300 | _a(5)p. ; 30cm. | ||
| 350 | _a0 | ||
| 650 | _aBUDGET | ||
| 650 | _aPROPERTY TAXES | ||
| 690 | _aTAXATION | ||
| 942 | _n0 | ||
| 948 | _c15/12/1997 | ||
| 999 |
_c96812 _d96812 |
||